| 000 | 00967nam a22002417a 4500 | ||
|---|---|---|---|
| 005 | 20100722153930.0 | ||
| 010 | _aHIN-89788 | ||
| 020 |
_a9788170168775 _c330.00 |
||
| 035 | _aHN-62134 | ||
| 037 | _bDBAD/PUB | ||
| 082 | _aक | ||
| 100 |
_aयादव, उषा _9834 |
||
| 245 |
_aदूसरा पंचतंत्र / _cउषा य़ादव |
||
| 246 |
_aDoosra Panchtantra _bby Usha Yadav |
||
| 260 |
_aनई दिल्ली _bकिताबघर _c2010 |
||
| 270 |
_aबी एम-7, (वेस्ट) शालीमार बाग _bनई दिल्ली _e110002 |
||
| 300 |
_a264पृ. _c22सेमी (सजिल्द) |
||
| 650 |
_aलघु कथाएँ, हिन्दी _91169 |
||
| 650 |
_aShort Stories _91170 |
||
| 700 | _9798 | ||
| 942 |
_2ddc _cHN _hक _mयादव |
||
| 999 |
_c37287 _d37287 |
||